Outrageous: The Mitford Sisters - Statistics

General Stats
  • This quiz has been taken 2 times
  • The average score is 11 of 15
Answer Stats
Question Answer % Correct
This sister was related by marriage to the Kennedys. Deborah
100%
Lived to be the oldest Mitford sister. Deborah
100%
Married to the founders of British Union of Fascists, Oswald Mosley. Diana
100%
The oldest sister. Nancy
100%
Wrote the semi-autobiographical novels including The Pursuit of Love and Love in a Cold Climate. Nancy
100%
Was obsessed with Adolf Hitler, pursued his attention, and eventually became part of his inner circle. Unity
100%
Devastated by the outbreak of war between Britain and Germany in September 1939, she attempted suicide. Unity
100%
Was a communist and participated in the Spanish Civil War. Jessica
50%
Kept a "running-away" fund and did so at age 19 when she eloped with her second cousin, Esmond Romilly. Jessica
50%
Relentless pursuer of social justice, she campaigned for civil rights and exposed corporate abuses as an investigative journalist. Jessica
50%
Was part of a band and sang duets with Maya Angelou. Jessica
50%
Referred to as the "rural Mitford," this sister preferred a private life in the country. Pamela
50%
Only Mitford sister to have a formal education as a teenager. Unity
50%
This sister was supposedly conceived in the little Canadian town of Swastika. Unity
50%
This sister was a massive Elvis Presley fan. Deborah
0%
No matching quizzes found
Score Distribution
Percent of People with Each Score
Percentile by Number Answered
Your Score History
You have not taken this quiz